| 000 | 00577cab a2200193 4500 | ||
|---|---|---|---|
| 001 | WB2626-25 | ||
| 008 | 090401t1990 xxu||||| |||| 00| 0 eng d | ||
| 035 | _a(Sirsi) u3239 | ||
| 041 | _aeng | ||
| 245 | _aCFC clampdown | ||
| 260 | _c1990 | ||
| 350 | _a0 | ||
| 490 |
_aNew Scientist _vvol 127 no 1724 7/7/90 p21 |
||
| 520 | _aReports on the outcome of the Montreal Protocol negotiations completed in London on reducing CFCs to protect the ozone level. | ||
| 650 | _aGREENHOUSE EFFECT | ||
| 690 | _aENVIRONMENTAL AND LAND CONSULTANCY | ||
| 942 | _n0 | ||
| 948 | _c04/03/1997 | ||
| 999 |
_c1980 _d1980 |
||